000 03785cam a22005654a 4500
999 _c3761
_d3761
001 ocm45634595
003 OCoLC
005 20180607110503.0
008 001220s2001 enk b 001 0 eng
010 _a 00065935
015 _aGBA132417
_2bnb
020 _a0714651567
020 _a9780714651569
020 _a071468175X
_q(pbk.)
020 _a9780714681757
_q(pbk.)
029 1 _aAU@
_b000022169415
029 1 _aGEBAY
_b6492436
029 1 _aIG#
_b0714651567
029 1 _aIG#
_b071468175X
029 1 _aIG#
_b9780714651569
029 1 _aIG#
_b9780714681757
029 1 _aNZ1
_b5996723
029 1 _aYDXCP
_b100239294
029 1 _aYDXCP
_b100239295
035 _a(OCoLC)45634595
_z(OCoLC)47063659
_z(OCoLC)810738517
040 _aDLC
_beng
_cDLC
_dUKM
_dCVM
_dBAKER
_dNLGGC
_dIG#
_dBTCTA
_dYDXCP
_dOCLCG
_dGEBAY
_dBDX
_dBEDGE
_dOCLCQ
_dOCLCO
042 _apcc
049 _aTZAA
050 0 0 _aHV6252
_b.C65
082 0 0 _a364.1
_221
245 0 0 _aCombating transnational crime :
_bconcepts, activities, and responses /
_cedited by Phil Williams, Dimitri Vlassis.
260 _aLondon ;
_aPortland, OR :
_bFrank Cass,
_c2001.
300 _a390 pages ;
_c23 cm
500 _aFirst appeared as a special issue of Transnational organized crime, vol. 4, nos. 3 & 4, Autumn/Winter 1998.
504 _aIncludes bibliographical references and index.
505 0 _aIntroduction and overview / Phil Williams and Dimitri Vlassis -- The dynamics of illegal markets / Pino Arlacchi -- Transnational crime : definitions and concepts / Gerhard O.W. Mueller -- Globalization and transnational crime : effects of criminogenic asymmetries / Nikos Passas -- Organizing transnational crime : networks, markets and hierarchies / Phil Williams -- Criminal fraternities or criminal enterprises? / Letizia Paoli -- Organized crime and ethnic minorities : is there a link? / Frank Bovenkerk -- Transnational Chinese organized crime activities : patterns and emerging trends / Ko-Lin Chin, Sheldon Zhang and Robert J. Kelly -- Maritime fraud and piracy / Jayant Abhyankar -- Crime in cyberspace / P.N. Grabosky -- The rise of the modern arms black market and the fall of supply-side control / R.T. Naylor -- Trafficking and sexual exploitation of women and children / Livia Pomodoro -- Trafficking in people : the human rights dimension / Office of the High Commissioner for Human Rights (OHCHR) -- Money laundering in Italy / Alessandro Pansa -- Strengthening the international legal system in order to combat transnational crime / Giuseppe di Gennaro -- Responding to transnational crime / Raymond E. Kendall -- Transnational organized crime and institutional reform in the European Union : the case of judicial cooperation / Cyrille Fijnaut -- Responding to transnational crime -- the role of Europol / Emanuele Marotta -- International Atomic Energy Agency programme against illicit trafficking of nuclear materials and radioactive sources / Anita Nillson -- Strengthening cooperation against transnational crime : a new security imperative / Roy Godson and Phil Williams -- Drafting the United Nations Convention against transnational organized crime / Dimitri Vlassis.
650 0 _aTransnational crime.
650 0 _aTransnational crime
_xPrevention
_xInternational cooperation.
650 7 _aCoopération
_2eclas
650 7 _aCoopération internationale
_2eclas
650 7 _aCrime organisé.
_2eclas
650 7 _aUE/CE JAI = Justice et affaires intérieures.
_2eclas
650 7 _aUE/CE Europol.
_2eclas
650 7 _aAIEA.
_2eclas
650 7 _aEtudes de cas.
_2eclas
_917349
700 1 _aWilliams, Phil,
_d1948-
700 1 _aVlassis, Dimitri.
856 4 2 _3Publisher description
_uhttp://catdir.loc.gov/catdir/enhancements/fy0652/00065935-d.html
942 _2lcc
_cBOOK